<?xml version="1.0" encoding="UTF-8"?><?xml-stylesheet type="text/xsl" href="static/style.xsl"?><OAI-PMH xmlns="http://www.openarchives.org/OAI/2.0/" xmlns:xsi="http://www.w3.org/2001/XMLSchema-instance" xsi:schemaLocation="http://www.openarchives.org/OAI/2.0/ http://www.openarchives.org/OAI/2.0/OAI-PMH.xsd"><responseDate>2026-04-14T02:10:30Z</responseDate><request verb="GetRecord" identifier="oai:www.recercat.cat:20.500.14342/3306" metadataPrefix="marc">https://recercat.cat/oai/request</request><GetRecord><record><header><identifier>oai:recercat.cat:20.500.14342/3306</identifier><datestamp>2025-03-11T04:10:34Z</datestamp><setSpec>com_2072_482405</setSpec><setSpec>com_2072_183628</setSpec><setSpec>col_2072_482415</setSpec></header><metadata><record xmlns="http://www.loc.gov/MARC21/slim" xmlns:dcterms="http://purl.org/dc/terms/" xmlns:xsi="http://www.w3.org/2001/XMLSchema-instance" xmlns:doc="http://www.lyncode.com/xoai" xsi:schemaLocation="http://www.loc.gov/MARC21/slim http://www.loc.gov/standards/marcxml/schema/MARC21slim.xsd">
   <leader>00925njm 22002777a 4500</leader>
   <datafield ind2=" " ind1=" " tag="042">
      <subfield code="a">dc</subfield>
   </datafield>
   <datafield ind2=" " ind1=" " tag="720">
      <subfield code="a">Badalov, Alexey</subfield>
      <subfield code="e">author</subfield>
   </datafield>
   <datafield ind2=" " ind1=" " tag="720">
      <subfield code="a">Calvo Gómez, Míriam</subfield>
      <subfield code="e">author</subfield>
   </datafield>
   <datafield ind2=" " ind1=" " tag="720">
      <subfield code="a">Camboni, Alessandro</subfield>
      <subfield code="e">author</subfield>
   </datafield>
   <datafield ind2=" " ind1=" " tag="720">
      <subfield code="a">Vilasís Cardona, Xavier</subfield>
      <subfield code="e">author</subfield>
   </datafield>
   <datafield ind2=" " ind1=" " tag="720">
      <subfield code="a">LHCb Collaboration - CERN</subfield>
      <subfield code="e">author</subfield>
   </datafield>
   <datafield ind2=" " ind1=" " tag="260">
      <subfield code="c">2014-05-21</subfield>
   </datafield>
   <datafield ind2=" " ind1=" " tag="520">
      <subfield code="a">First observations of the decays Λ0b→Λ+cD−(s) are reported using data corresponding to an integrated luminosity of 3  fb−1 collected at 7 and 8 TeV center-of-mass energies in proton-proton collisions with the LHCb detector. In addition, the most precise measurement of the branching fraction B(B0s→D+D−s) is made and a search is performed for the decays B0(s)→Λ+cΛ−c. The results obtained are B(Λ0b→Λ+cD−)/B(Λ0b→Λ+cD−s)=0.042±0.003(stat)±0.003(syst),[B(Λ0b→Λ+cD−s)B(¯B0→D+D−s)]/[B(Λ0b→Λ+cπ−)B(¯B0→D+π−)]=0.96±0.02(stat)±0.06(syst),B(B0s→D+D−s)/B(¯B0→D+D−s)=0.038±0.004(stat)±0.003(syst),B(¯B0→Λ+cΛ−c)/B(¯B0→D+D−s)&lt;0.0022[95%  C.L.],B(B0s→Λ+cΛ−c)/B(B0s→D+D−s)&lt;0.30[95%  C.L.].Measurement of the mass of the Λ0b baryon relative to the ¯B0 meson gives M(Λ0b)−M(¯B0)=339.72±0.24(stat)±0.18(syst)  MeV/c2. This result provides the most precise measurement of the mass of the Λ0b baryon to date.</subfield>
   </datafield>
   <datafield ind1="8" ind2=" " tag="024">
      <subfield code="a">http://hdl.handle.net/20.500.14342/3306</subfield>
   </datafield>
   <datafield ind1="8" ind2=" " tag="024">
      <subfield code="a">https://doi.org/10.1103/PhysRevLett.112.202001</subfield>
   </datafield>
   <datafield tag="653" ind2=" " ind1=" ">
      <subfield code="a">Gran col·lisionador d'hadrons (França i Suïssa)</subfield>
   </datafield>
   <datafield tag="653" ind2=" " ind1=" ">
      <subfield code="a">Col·lisions (Física nuclear)</subfield>
   </datafield>
   <datafield tag="653" ind2=" " ind1=" ">
      <subfield code="a">Partícules (Física nuclear)</subfield>
   </datafield>
   <datafield tag="653" ind2=" " ind1=" ">
      <subfield code="a">Protons</subfield>
   </datafield>
   <datafield tag="653" ind2=" " ind1=" ">
      <subfield code="a">Hadrons</subfield>
   </datafield>
   <datafield ind2="0" ind1="0" tag="245">
      <subfield code="a">Study of Beauty Hadron Decays into Pairs of Charm Hadrons</subfield>
   </datafield>
</record></metadata></record></GetRecord></OAI-PMH>